Statistics for ALL Tokio Hotel songs of 2023

Click here to take the quiz!

General Stats

  • This quiz has been taken 112 times
  • The average score is 55 of 111

Answer Stats

AlbumTrack #Answer% Correct
Schrei1Schrei
92%
Scream3Monsoon
88%
Humanoid7Pain of love
88%
Scream5Don't jump
87%
Scream1Scream
87%
Humanoid5Humanoid
78%
Scream2Ready Set Go
78%
Humanoid3Automatic
76%
Humanoid2Darkside of the sun
76%
Zimmer 4839Reden
76%
Humanoid1Noise
69%
Kings of Suburbia6Girl got a gun
68%
Humanoid9Human connect to human
68%
Zimmer 4836Wo Sind Eure Hände
68%
Scream8Break Away
67%
Scream6On the edge
67%
Humanoid4World behind my wall
67%
Zimmer 4834Spring Nicht
64%
20012white lies
64%
Scream11Forgotten children
63%
Scream4Love is dead
63%
Humanoid15Alien
62%
200112Bad love
62%
Kings of Suburbia7Kings of Suburbia
62%
Humanoid16Screamin
62%
Humanoid11Love and death
60%
Schrei4Rette Mich
60%
Kings of Suburbia3run run run
60%
Humanoid13Phantomrider
59%
Scream10Final day
58%
Kings of Suburbia4love who loves you back
58%
Scream12By your side
56%
Dream Machine6Dream Machine
56%
Schrei13Beichte
55%
Schrei6Ich Bin Nicht Ich
55%
Scream9Rescue me
55%
Scream7sacred
55%
Scream131000 oceans
53%
Humanoid10Hey you
53%
Kings of Suburbia1Feel it all
51%
Devilish1It's so hard to live
51%
Humanoid12Zoom into me
50%
Kings of Suburbia5Covered in gold
49%
Schrei11Der Letzte Tag
49%
Humanoid6Forever now
49%
20011Him
49%
200111When we were younger
49%
Dream Machine4What if
47%
Zimmer 4835Heilig
46%
Devilish2Lebe die sekunde
46%
Zimmer 4833Totgeliebt
46%
200113Another lover
45%
200114Berlin
45%
Schrei2Durch Den Monsoon
45%
20017Happy people
45%
20018Here comes the night
45%
Humanoid14That day
45%
Zimmer 4832Übers Ende Der Welt
45%
Zimmer 48313An Deiner Seite
44%
Dream Machine3Easy
44%
Schrei14Schwarz
44%
Schrei15Thema Nr. 1
44%
Zimmer 48312Vergessene Kinder
44%
Schrei5Freunde Bleiben
42%
Schrei9Gegen Meinen Willen
42%
Zimmer 4838Ich Brech Aus
42%
Kings of Suburbia9Invaded
42%
Humanoid19In your shadow
42%
Kings of Suburbia10Never let you down
42%
Kings of Suburbia2Stormy weather
42%
Kings of Suburbia8We found us
42%
Dream Machine2Boys dont cry
41%
Dream Machine7Cotton Candy Sky
41%
Kings of Suburbia13Dancing in the dark
41%
20016Smells like summer
41%
Kings of Suburbia14The heart get no sleep
41%
20013Ain't happy
40%
200115Back to the ocean
40%
Dream Machine8Better
40%
20019Dreamer
40%
Dream Machine5Elysa
40%
Kings of Suburbia11Louder than love
40%
Dream Machine1Something new
40%
Dream Machine9As young as we are
38%
20015Hungover you
38%
Schrei10Jung Und Nicht Mehr Jugendfrei
38%
200110Runaway
38%
Dream Machine10Stop, Babe
38%
Schrei12Unendlichkeit
38%
Kings of Suburbia15Great day
37%
Kings of Suburbia12Masquerade
37%
Devilish5Nothing’s Like Before
37%
Zimmer 4837Stich Ins Glück
37%
Schrei7Wenn Nichts Mehr Geht
37%
Zimmer 48311Wir Sterben Niemals Aus
37%
Zimmer 4831In Die Nacht
36%
20014Just a moment
36%
Devilish8Mädchen Aus Dem All
36%
Zimmer 48310Nach Dir Kommt Nichts
36%
Humanoid17Attention
33%
Humanoid18Down on you
33%
Schrei8Lass Uns Hier Raus
33%
Devilish6Schwerelos
33%
Humanoid8Dogs unleased
32%
Devilish3Nichts Wird Besser
32%
Schrei3Leh' Die Sekunde
31%
Devilish4I Needn’t You
29%
Scream14Instant karma
29%
Zimmer 48314Wir Schließen Uns Ein
29%
Devilish7Schönes Mädchen Aus Dem All
28%
Devilish9Grauer Alltag
27%

Score Distribution

Percentile by Number Answered

Percent of People with Each Score

Your Score History

You have not taken this quiz